Κατάλογος Βιβλιοθηκών Mediterranean College

Understanding Accounts / Control - Cash - Reconciling - Analyzing - Inflow - Outflow - Earnings - Planning - Capital - Monitoring - Credit - Ratios (Record no. 2238)

MARC details
000 -LEADER
fixed length control field 01580cam a22001934a 4500
005 - ΗΜΕΡΟΜΗΝΙΑ ΚΑΙ ΩΡΑ ΤΕΛΕΥΤΑΙΑΣ ΕΝΗΜΕΡΩΣΗΣ
Πεδίο ελέγχου 20250605164035.0
008 - FIXED-LENGTH DATA ELEMENTS--GENERAL INFORMATION
Πεδίο ελέγχου σταθερού μήκους 250528s ||||||||||||||||||||||||d
035 ## - SYSTEM CONTROL NUMBER
System control number 16773
020 ## - ISBN
ISBN 751312169
040 ## - ΠΗΓΗ ΚΑΤΑΛΟΓΟΓΡΑΦΗΣΗΣ
Φορέας πρωτότυπης καταλογογράφησης MC Athens Campus Library
Γλώσσα καταλογογράφησης Ελληνικά, Μοντέρνα (1453-)
Modifying agency MC Athens Campus Library
Κανόνες περιγραφικής καταλογογράφησης AACR2
245 1# - ΤΙΤΛΟΣ ΚΑΙ ΔΗΛΩΣΗ ΥΠΕΥΘΥΝΟΤΗΤΑΣ
Τίτλος Understanding Accounts / Control - Cash - Reconciling - Analyzing - Inflow - Outflow - Earnings - Planning - Capital - Monitoring - Credit - Ratios
260 ## - PUBLICATION, DISTRIBUTION, ETC.
Name of publisher, distributor, etc. Dorling Kindersley,
Date of publication, distribution, etc. 2001
300 ## - PHYSICAL DESCRIPTION
Extent 72
520 ## - SUMMARY, ETC.
Summary, etc. Practical techniques show you how to analyze financial statements, interpret financial data and measure business performance. Introduction, Understanding the Basics, Explaining Accounts, Who Uses Accounts?, Examining Regulations and Practice, Mastering Accounts, Understanding a Profit and Loss Account, Looking at Gross Profit, Determining Operating Profit, Evaluating the Bottom Line, Understanding Balance Sheets, Examining Fixed Assets, Working with Current Assets, Understanding Liabilities, Analyzing Shareholders' Funds, Using Cash Flow Statements, Producing Cash Flow Forecasts, Measuring Performance, Understanding Ratios, Analyzing a Profit and Loss Account, Reading a Balance Sheet, Understanding Investors' Ratios, Gathering More Information, Broadening Your Knowledge, Exploring International Issues, Looking at Common Problems, Recognizing Creative Accounting, Benefiting from Management Accounts, Making Future Financial Decisions, Assessing Your Accounting Skills, Index, Acknowledgements.
700 1# - ΠΡΟΣΘΕΤΗ ΑΝΑΓΡΑΦΗ--ΦΥΣΙΚΟ ΠΡΟΣΩΠΟ
Personal name Brookson Stephen
9 (RLIN) 2863
942 ## - ADDED ENTRY ELEMENTS (KOHA)
Koha item type Books
Holdings
Τύπος τεκμηρίου Βιβλιοθήκη Τρέχουσα τοποθεσία Barcode Αριθμός εισαγωγής Ημερομηνία απόκτησης Ταξιθετικό σύμβολο Αριθμός αντιτύπου Κατάσταση απόσυρσης Κατάσταση χαμένου Κατάσταση κατεστραμμένου Μη δανεισμός Σύνολο δανεισμών Ημερομηνία τελευταίας εμφάνισης Η τιμή ισχύει από
Books MC Athens Campus Library MC Athens Campus Library 9780000022370 5004 05/06/2025 657 BRO 1           05/06/2025 05/06/2025

MC Athens Campus Library
Πατησίων 94 & Κοδριγκτώνος 13, 104 34
Πελλήνης 8 & Πατησίων 107, 112 51
Τ: +30 210 8899600

MC Thessaloniki Campus Library
Ίωνος Δραγούμη 21, 54625 | Ίωνος Δραγούμη 15, 54625
Τ: +30 2310 287779 – Τ: +30 2314 440300